000 00264nam a2200097Ia 4500
008 180205s9999 xx 000 0 und d
100 _aShakespeare, William
245 4 _aThe tragedy of Julius Caesar /
260 _aUSA
_bPocket books
_c1958
300 _avii, 95 pages
999 _c354746
_d354746